Logo CIB grande

ADITIVOS E INGREDIENTES: COMO COADYUVANTES DE LA "KUTTER", EMULGENTES Y ESTABILIZADORES DE PRODUCTOS CARNICOS (Registro nro. 195945)

Detalles MARC
000 -LEADER
campo de control de longitud fija 00699nam a2200253Ia 4500
005 - FECHA Y HORA DE LA ÚLTIMA TRANSACCIÓN
campo de control 20250425160757.0
008 - DATOS DE LONGITUD FIJA--INFORMACIÓN GENERAL
campo de control de longitud fija 250425s9999 xx 000 0 und d
020 ## - NÚMERO INTERNACIONAL ESTÁNDAR DEL LIBRO
Número Internacional Estándar del Libro 8420004480
041 ## - CÓDIGO DE IDIOMA
Código de lengua del texto/banda sonora o título independiente spa
082 ## - NÚMERO DE LA CLASIFICACIÓN DECIMAL DEWEY
Número de clasificación 664.906
010 ## - NÚMERO DE CONTROL DE LA BIBLIOTECA DEL CONGRESO
Número de control de LC 5002
100 ## - ENTRADA PRINCIPAL--NOMBRE DE PERSONA
Nombre de persona GERHARDT, ULRICH
245 #0 - MENCIÓN DEL TÍTULO
Título ADITIVOS E INGREDIENTES: COMO COADYUVANTES DE LA "KUTTER", EMULGENTES Y ESTABILIZADORES DE PRODUCTOS CARNICOS
250 ## - MENCION DE EDICION
Mención de edición 1A ED.
260 ## - PUBLICACIÓN, DISTRIBUCIÓN, ETC.
Lugar de publicación, distribución, etc. España
Nombre del editor, distribuidor, etc. ACRIBIA
Fecha de publicación, distribución, etc. 1980
260 ## - PUBLICACIÓN, DISTRIBUCIÓN, ETC.
Lugar de publicación, distribución, etc. ZARAGOZA
300 ## - DESCRIPCIÓN FÍSICA
Extensión 148
500 ## - NOTA GENERAL
Nota general CONSULTAR 27345 EN BIBTEC
650 ## - PUNTO DE ACCESO ADICIONAL DE MATERIA--TÉRMINO DE MATERIA
Término de materia o nombre geográfico como elemento de entrada ADITIVOS PARA ALIMENTOS
650 ## - PUNTO DE ACCESO ADICIONAL DE MATERIA--TÉRMINO DE MATERIA
Término de materia o nombre geográfico como elemento de entrada EMULSIFICANTES
650 ## - PUNTO DE ACCESO ADICIONAL DE MATERIA--TÉRMINO DE MATERIA
Término de materia o nombre geográfico como elemento de entrada ESTABILIZADORES
650 ## - PUNTO DE ACCESO ADICIONAL DE MATERIA--TÉRMINO DE MATERIA
Término de materia o nombre geográfico como elemento de entrada PRODUCTOS DE LA CARNE
942 ## - ELEMENTOS DE ENTRADA SECUNDARIOS (KOHA)
Tipo de ítem Koha Libros
Existencias
Estatus retirado Estado de pérdida Estado de daño No para préstamo Biblioteca de origen Biblioteca actual Fecha de adquisición Coste, precio normal de compra Total de préstamos Código de barras Copia número Tipo de ítem Koha
        CENTRO DE INFORMACIÓN BIBLIOTECARIA CENTRO DE INFORMACIÓN BIBLIOTECARIA 29/06/2004 1.00   27345 1 Libros

Copyright 2025 ESPOL. Todos los derechos reservados.